000 00541nam a2200169Ia 4500
008 090201s9999 xx 000 0 und d
010 _aKPL-38462
040 _bमराठी
041 _aमराठी
082 _a19878
_b38462
100 _aवंसत नरहर फेणे
245 _aऐस आणि पैस
_cवंसत नरहर फेणे
260 _c2004
_bश्री विशाखा प्रकाशन
300 _a187
_bमोठा
600 _aऐस आणि पैस
942 _cBOOK
999 _c219685
_d219685